00000000nam##2200000za#4500
0019.576350
003CaOODSP
00520210624185110
007cr |||||||||||
008150406|1981||||xxc|||||o    f|0| 0 eng|d
040 |aCaOODSP|beng
043 |an-cn---
0861 |aFs97-13/278E-PDF
1101 |aCanada. |bDepartment of Fisheries and Oceans.
24510|aCanadian Pacific Coast Ichthyoplankton Survey, 1980. Ichthyoplankton. Cruise Four (April 15-23) / |h[electronic resource]|cby J.C. Mason, O.D. Kennedy, and A.C. Phillips.
260 |aNanaimo - British Columbia : |bFisheries and Oceans Canada |c1981.
300 |a86p.|btables
4901 |aCanadian data report of fisheries and aquatic sciences|vNo. 278
500 |aOn t.p.: Pacific Biological Station, Nanaimo, British Columbia. Catalogue number of the print edition appears in the PDF version.
546 |a(Résumé en français)
590 |a13-12-Supp|b2013-05-10
7201 |aMason, J. C.
7201 |aKennedy, O. D.
7201 |aPhillips, A. C.
830#0|aCanadian data report of fisheries and aquatic sciences ;|vNo. 278|w(CaOODSP)9.505124
85640|ahttp://publications.gc.ca|qPDF|s3356 KB|uhttps://publications.gc.ca/collections/collection_2013/mpo-dfo/Fs97-13-278-eng.pdf|yNo. 278